00566nam a2200169 i 4500001000300000100002400003245009100027260002100118040000800139041000800147080002900155942000700184008004100191999001700232856009800249952004900347bg1 aERGETOWSKI, Ryszard 0aStudenckie organizacje Polaków w Uniwersytecie Lipskim w 1872-1919 /cR. Ergetowski. aWrocław,c1982. cBPK apol a378.18:378.4(430)"18/19" cKS s pl f |000 0 pol  c21795d21795 uhttp://koha.tu.koszalin.pl/cgi-bin/koha/opac-detail.pl?biblionumber=21795yKatalog online BPK 00104070aBPKbBPKcwo30648p01564686yKS